Analiza i propozycje doskonalenia kanałów dystribucji w Piekarni Rabinówka
Gespeichert in:
| 1. Verfasser: | |
|---|---|
| Weitere Verfasser: | , , |
| Format: | Buchkapitel |
| Sprache: | Polnisch |
| Schlagworte: | |
| Tags: |
Keine Tags, Fügen Sie das erste Tag hinzu!
|
MARC
| LEADER | 00000naa a2200000 4500 | ||
|---|---|---|---|
| 001 | 0199739 | ||
| 005 | 20240502083507.6 | ||
| 041 | 0 | |a pol | |
| 044 | |a PL | ||
| 245 | 1 | 0 | |a Analiza i propozycje doskonalenia kanałów dystribucji w Piekarni Rabinówka |c Andrzej Pacana, Igor Liberko, Lucia Bednárová, Paulina Wołoszyn |
| 610 | 2 | 0 | |a kanály distribučné |
| 610 | 2 | 0 | |a podnik malý |
| 610 | 2 | 0 | |a odbyt |
| 610 | 2 | 0 | |a kvalita |
| 100 | 1 | |a Pacana, Andrzej | |
| 700 | 1 | |a Liberko, Igor | |
| 700 | 1 | |a Bednárová, Lucia | |
| 700 | 1 | |a Wołoszyn, Paulina | |